000
00302nam a2200133Ia 4500
005
20251222143149.0
008
251222s9999||||xx |||||||||||||| ||spa||
082
_a
373.291/G22
100
_a
García, Sixto
245
0
_a
Filosofía y Lógica
250
_a
5a.ed.
264
_b
Labrusa
942
_c
LIB
999
_c
12625
_d
12625